000 00216nam a2200097Ia 4500
008 170619s9999 xx 000 0 und d
100 _akasana H S
245 0 _aComplex variables
260 _bNew Delhi: PHI
260 _c2000
546 _aENGLISH
999 _c16336
_d16336